000 00324nam a22001337a 4500
008 171010b xxu||||| |||| 00| 0 eng d
020 _a9780073380087
041 _aeng
080 _24TH
_a316
100 _a50
101 _aSOC
245 _aTHE SOCIAL CONSTRUCTION OF DIFFERENCE AND INEQUALITY
_cORE,T.E
942 _2udc
_cBK
999 _c32853
_d32853